• 首页
  • 本馆介绍
  • 公告通知
  • 最新文献
  • 馆藏检索
  • 电子资源
  • 读者导购
  • 参考咨询
  • 我的图书馆
  • 登录
  • 详细信息显示
  • 放入我的书架
  • 预约/预借图书
  • 作者相关作品
  • 分类相关作品
  • 丛书相关作品
  • 出版社相关作品

书目信息

  • 表格格式
  • 工作单格式
  • 卡片格式
题名:
古代中外科技交流史略
    
 
作者: 李未醉 , 魏露苓 著
分册:  
出版信息: 北京   中央编译出版社  2012.12
页数: 340页
开本: 24cm
丛书名:
单 册:
中图分类: G321.92
科图分类:
主题词: 科学交流--科学事业史--研究--世界--古代 , 科学交流 , 科学事业史
电子资源:
ISBN: 978-7-5117-1461-9
000 00931nam0 2200265 450
001 010700144464
005 20130427084519.53
010    @a978-7-5117-1461-9@dCNY60.00
100    @a20121228d2012 em y0chiy50 ea
101 0  @achi
102    @aCN@b110000
105    @ay z 000yy
106    @ar
200 1  @a古代中外科技交流史略@9gu dai zhong wai ke ji jiao liu shi lue@f李未醉,魏露苓著
210    @a北京@c中央编译出版社@d2012.12
215    @a340页@d24cm
330    @a本书集中论述了古代中国与亚洲国家的科技文化交流,总结历史经验,主要内容包括:古代亚洲国家简况、古代中国与亚洲国家的农业技术交流、古代中国与亚洲国家的动物交流等。
606 0  @a科学交流@x科学事业史@x研究@y世界@z古代
606 0  @a科学交流
606 0  @a科学事业史
690    @aG321.92@v5
701  0 @a李未醉@9li wei zui@f(1965-)@4著
701  0 @a魏露苓@9wei lu ling@f(1960-)@4著
801  0 @aCN@bRENTIAN@c20121228
905    @b542018-22@dG321.92@e34@f5
    
    古代中外科技交流史略/李未醉,魏露苓著.-北京:中央编译出版社,2012.12
    340页;24cm
    
    
    ISBN 978-7-5117-1461-9:CNY60.00
    本书集中论述了古代中国与亚洲国家的科技文化交流,总结历史经验,主要内容包括:古代亚洲国家简况、古代中国与亚洲国家的农业技术交流、古代中国与亚洲国家的动物交流等。
●
相关链接 在E读中查询图书 在五车中查询图书 在当当中查询图书 在豆瓣中查询图书


正题名:古代中外科技交流史略     索取号:G321.92/34         预约/预借

序号 登录号 条形码 馆藏地/架位号 状态 备注
1 542018   205420187   第一样本阅览室/ [索取号:G321.92/34] 在馆    
2 542019   205420196   史法系资料室/ [索取号:G321.92/34] 在馆    
3 542020   205420203   第四借阅区/ [索取号:G321.92/34] 在馆    
4 542021   205420212   第四借阅区/ [索取号:G321.92/34] 在馆    
5 542022   205420221   第四借阅区/ [索取号:G321.92/34] 在馆    
唐山师范学院图书馆 欢迎您!
大连网信软件有限公司© 版权所有